| 000 -CABECERA |
| Longitud fija campo de control |
00857cas a22002177a 4500 |
| 003 - IDENTIFICADOR DEL NÚMERO DE CONTROL |
| Identificador del número de control |
OSt |
| 005 - FECHA Y HORA DE LA ÚLTIMA TRANSACCIÓN |
| Fecha y hora de la última transacción |
20231121142438.0 |
| 008 - CÓDIGOS DE INFORMACIÓN DE LONGITUD FIJA |
| Códigos de información de longitud fija |
161220c20089999spcau p s|||| 000 ||cat|d |
| 040 ## - FUENTE DE LA CATALOGACIÓN |
| Lengua de catalogación |
cat |
| Centro transcriptor |
CDMR |
| 110 2# - PUNTO DE ACCESO PRINCIPAL-NOMBRE DE ENTIDAD CORPORATIVA |
| 9 (RLIN) |
3914 |
| Nombre de entidad corporativa o nombre de jurisdicción como elemento inicial |
Universidad de Navarra |
| Unidad subordinada |
. Facultad de Comunicación |
| 245 10 - MENCIÓN DE TÍTULO |
| Título |
Digital News Report España |
| Medio |
[Recurs electrònic] |
| Mención de responsabilidad, etc. |
/ Universidad de Navarra. Facultad de Comunicación, en colaboración con el Instituto Reuters para el estudio del periodismo de la Universidad de Oxford |
| 260 ## - PUBLICACIÓN, DISTRIBUCIÓN, ETC. (PIE DE IMPRENTA) |
| Lugar de publicación, distribución, etc. |
[Pamplona] : |
| Nombre del editor, distribuidor, etc. |
Universidad de Navarra, |
| Fecha de publicación, distribución, etc. |
2014 - |
| 310 ## - PERIODICIDAD ACTUAL |
| Periodicidad actual |
Anual |
| 362 0# - FECHAS DE PUBLICACIÓN Y/O DESIGNACIÓN SECUENCIAL |
| Fecha de publicación y/o designación secuencial |
2014 - |
| 650 #0 - PUNTO DE ACCESO ADICIONAL DE MATERIA - TÉRMINO DE MATERIA |
| 9 (RLIN) |
4470 |
| Término de materia o nombre geográfico como elemento inicial |
Comunicació |
| Subdivisión geográfica |
Espanya |
| 650 #0 - PUNTO DE ACCESO ADICIONAL DE MATERIA - TÉRMINO DE MATERIA |
| 9 (RLIN) |
1545 |
| Término de materia o nombre geográfico como elemento inicial |
Premsa |
| Subdivisión geográfica |
Espanya |
| 650 #0 - PUNTO DE ACCESO ADICIONAL DE MATERIA - TÉRMINO DE MATERIA |
| 9 (RLIN) |
1720 |
| Término de materia o nombre geográfico como elemento inicial |
Radiodifusió |
| Subdivisión geográfica |
Espanya |
| 650 #0 - PUNTO DE ACCESO ADICIONAL DE MATERIA - TÉRMINO DE MATERIA |
| 9 (RLIN) |
2084 |
| Término de materia o nombre geográfico como elemento inicial |
Comunicació audiovisual |
| Subdivisión geográfica |
Espanya |
| 856 40 - LOCALIZACIÓN Y ACCESO ELECTRÓNICO |
| Nota pública |
Accés lliure |
| Identificador Uniforme del Recurso (URI) |
<a href="https://www.digitalnewsreport.es/">https://www.digitalnewsreport.es/</a> |
| 942 ## - ENTRADA DE ELEMENTOS AGREGADOS (KOHA) |
| Fuente de clasificaión o esquema |
|
| Koha [por defecto] tipo de item |
Publicacions periòdiques en línia |